Statistics for Fifa Soccer 14 Top 20 Player Ratings

Click here to take the quiz!

General Stats

  • This quiz has been taken 1,750 times
    (1,740 since last reset)
  • The average score is 15 of 20

Answer Stats

Country/RatingPlayer% Correct
Argentina/94Lionel Messi
100%
Portugal/92Christiano Ronaldo
99%
Colombia/90Falcao
90%
Sweden/89Zlatan Ibrahimović
89%
Spain/89Iniesta
87%
Spain/89Xavi
86%
Germany/87Phillip Lahm
85%
Belgium/88Eden Hazard
85%
Netherlands/89Robin Van Persie
84%
France/90Franck Ribéry
81%
Uraguay/88Luis Suárez
74%
England/87Wayne Rooney
70%
Argentina/88Sergio Agüero
67%
Netherlands/88Arjen Robben
65%
Spain/88David Silva
60%
Serbia/87Nemanjer Vidić
60%
Wales/87Gareth Bale
59%
Germany/88Bastian Schweinsteiger
55%
Uraguay/87Edinson Cavani
46%
Germany/87Mesut Özil
24%

Score Distribution

Percentile by Number Answered

Percent of People with Each Score

Your Score History

You have not taken this quiz since the last reset